[Event "BUL-ch U20"]
[Site "Sofia"]
[Date "2023.02.04"]
[Round "5"]
[White "Dokuzov, Nikolay"]
[Black "Bradinov, Stoyan"]
[Result "1-0"]
[WhiteElo "1470"]
[BlackElo "1226"]
[PlyCount "71"]
[EventDate "2023.02.01"]
[EventType "swiss"]
[EventRounds "7"]
[EventCountry "BUL"]
[SourceTitle "CBM 212 Extra"]
[Source "ChessBase"]
[SourceDate "2023.03.31"]
[SourceVersion "1"]
[SourceVersionDate "2023.03.31"]
[SourceQuality "1"]

1. e4 c5 2. c3 d5 3. exd5 Qxd5 4. d4 Nc6 5. Nf3 Bg4 6. Be2 cxd4 7. cxd4 e6 8. h3 Bh5 9. Nc3 Qa5 10. 0-0 Nf6 11. a3 Bd6 12. Qb3 Bxf3 13. Bxf3 Nxd4 14. Qxb7 Rb8 15. b4 Qe5 16. Bc6+ Kf8 17. f4 Ne2+ 18. Nxe2 Qxa1 19. Qxa7 Qa2 20. Qd4 Bc7 21. Nc3 Bb6 22. Qxb6 Rxb6 23. Nxa2 Rxc6 24. Be3 Ke7 25. Bc5+ Kd7 26. Rd1+ Kc7 27. Nc3 Ra8 28. Nb5+ Kb7 29. Nd6+ Kc7 30. Nb5+ Kb7 31. Nd6+ Kc7 32. Nxf7 Rxa3 33. Ne5 Rxc5 34. bxc5 Nd5 35. f5 Ne3 36. Rd7+ 1-0

[Event "BUL-ch U20"]
[Site "Sofia"]
[Date "2023.02.02"]
[Round "2"]
[White "Tsolov, Aleksandar"]
[Black "Bradinov, Stoyan"]
[Result "1-0"]
[WhiteElo "1612"]
[BlackElo "1226"]
[PlyCount "47"]
[EventDate "2023.02.01"]
[EventType "swiss"]
[EventRounds "7"]
[EventCountry "BUL"]
[SourceTitle "CBM 212 Extra"]
[Source "ChessBase"]
[SourceDate "2023.03.31"]
[SourceVersion "1"]
[SourceVersionDate "2023.03.31"]
[SourceQuality "1"]

1. e4 d5 2. exd5 Nf6 3. Nc3 Nxd5 4. Nxd5 Qxd5 5. Nf3 e5 6. d3 Nc6 7. Be3 Bg4 8. Be2 0-0-0 9. 0-0 f6 10. c4 Qd7 11. Qa4 Kb8 12. Qc2 Bf5 13. a3 Bxd3 14. Bxd3 Qxd3 15. Qa4 a6 16. Rad1 Qg6 17. b4 e4 18. Nh4 Qh5 19. g3 g5 20. b5 gxh4 21. bxc6 Bd6 22. Rb1 Bc5 23. Rxb7+ Kc8 24. Qxa6 1-0